| 000 | 00785nam a2200253 i 4500 | ||
|---|---|---|---|
| 001 | bg | ||
| 100 | 1 | _aKOSIŃSKI, Bohdan. | |
| 245 | 1 | 0 |
_aZarządzanie przedsiębiorstwem bankowym : _bśrodowisko - organizacja - planowanie / _cBohdan Kosiński. |
| 260 |
_aWarszawa : _bPOLTEXT, _c1997. |
||
| 300 |
_a195, [1] s. : _bwykr. ; _c21 cm. |
||
| 490 | 1 | _aStudia Finansowo-Bankowe / Szkoła Główna Handlowa | |
| 504 | _aBibliogr. s. 195-[196]. | ||
| 650 | 9 |
_aBanki _xorganizacja |
|
| 650 | 9 |
_aBanki _xekonomika |
|
| 650 | 9 |
_aBanki _xpolityka |
|
| 830 | 0 | _aStudia Finansowo-Bankowe (Szkoła Główna Handlowa) | |
| 020 | _a8386890266 | ||
| 040 | _cBPK | ||
| 041 | 0 | _apl | |
| 080 | _a336.71 | ||
| 920 | _a83-86890-26-6 | ||
| 942 | _cKS | ||
| 008 | s pl f |000 0 pol | ||
| 999 |
_c25315 _d25315 |
||
| 856 |
_uhttp://koha.tu.koszalin.pl/cgi-bin/koha/opac-detail.pl?biblionumber=25315 _yKatalog online BPK |
||